Stations on Biwako Line, Japan - Statistics

General Stats
  • This quiz has been taken 15 times
  • The average score is 18 of 23
Answer Stats
No. Station % Correct
JR-A24 Kusatsu
100%
JR-A31 Kyoto
100%
JR-A12 Maibara
100%
JR-A29 Otsu
100%
JR-A30 Yamashina
100%
JR-A21 Yasu
100%
JR-A13 Hikone
92%
JR-A25 Minami-Kusatsu
92%
JR-A09 Nagahama
92%
JR-A19 Omi-Hachiman
92%
JR-A17 Notogawa
83%
JR-A23 Ritto
83%
JR-A18 Azuchi
75%
JR-A27 Ishiyama
75%
JR-A14 Minami-Hikone
75%
JR-A28 Zeze
75%
JR-A22 Moriyama
67%
JR-A26 Seta
58%
JR-A20 Shinohara
58%
JR-A16 Inae
50%
JR-A15 Kawase
50%
JR-A11 Sakata
50%
JR-A10 Tamura
50%
No matching quizzes found
Score Distribution
Percent of People with Each Score
Percentile by Number Answered
Your Score History
You have not taken this quiz